Čislennoje rešenije bol'šich razrežennych sistem uravnenij
Gespeichert in:
| Format: | Buch |
|---|---|
| Sprache: | Russisch |
| Veröffentlicht: |
Moskva
Mir
1984
|
| Tags: |
Keine Tags, Fügen Sie das erste Tag hinzu!
|
MARC
| LEADER | 00000nam a2200000 4500 | ||
|---|---|---|---|
| 001 | c112368 | ||
| 005 | 20260129130513.9 | ||
| 041 | 0 | |a rus | |
| 044 | |a RU | ||
| 245 | 1 | 0 | |a Čislennoje rešenije bol'šich razrežennych sistem uravnenij |c Alan George, Joseph W.H. Liu ; [Perevod s anglijskogo Ch.D. Ekramova] |
| 264 | 1 | |a Moskva |b Mir |c 1984 | |
| 300 | |a 333 s. | ||